000 00361nam a22001577a 4500
003 OSt
005 20160517104316.0
008 160517b xxu||||| |||| 00| 0 eng d
020 _a0-13-856907-X
040 _cN/A
100 _aGAIL E. TOMPKINS
245 _aLANGUAGE ARTS
250 _a4TH EDITION
260 _aUSA
_bPRENTICE HALL
_c1998
942 _2lcc
_cBK
999 _c253745
_d253744